000 00868nas a2200289 4500
001 BR0305955
003 BR-BrBNA
005 20231205104208.0
007 ta
008 230509b bl.|||p| |||| 00| 00por d
040 _aBR-BrBNA
_bpor
_cBiblioteca Nacional de Agricultura
041 _a(En)
072 _aF30
100 1 _aBackes, R.L.
100 1 _aReis, M.S.
100 1 _aCruz, C.D.
100 1 _aSediyama, T.
100 1 _aSediyama, C.S.
245 1 _aCorrelation estimates and assessment of selection strategies in five soybean populations
650 _aSOJA
650 _aPARÂMETRO GENÉTICO
650 _aSELEÇÃO
650 _aMODELO MATEMÁTICO
773 0 _tCrop Breeding and Applied Biotechnology (Brazil)
_xISSN 1518-7853
_g(Jun 2003), v. 3(2) p. 107-116
_wBR0305955
909 _a202311
_bLúcia
_c55
_dLúcia Elande
942 _2AGRIS
_n0
_cANA
999 _c176881
_d176881